000 01031nam a2200277 i 4500
001 bg
100 1 _aBOTT-ALAMA, Agnieszka
245 1 0 _aUwarunkowania rozwoju turystyki wiejskiej w województwie zachodniopomorskim /
_cAgnieszka Bott-Alama.
260 _aSzczecin :
_bWydaw. Naukowe Uniwersytetu Szczecińskiego,
_c2004.
300 _a183 s. :
_bmapy, wykr. ;
_c24 cm.
490 1 _aRozprawy i Studia / Uniwersytet Szczeciński,
_x0860-2751 ;
_vt. 501
500 _aStreszcz. ang.
504 _aBibliogr.
650 9 _aAgroturystyka
_zPolska
_yod 1989 r.
650 9 _aTurystyka
_zPolska
_yod 1989 r.
651 9 _aZachodniopomorskie, województwo
_xturystyka
_yod 1989 r.
830 0 _aRozprawy i Studia (Uniwersytet Szczeciński) ;
_vt. 501
020 _a8372413673
040 _cBPK
041 0 _apol
_beng
080 _a338.48(438-22)"1989/..."
920 _a83-7241-367-3
942 _cKS
008 s pl f |000 0 pol
999 _c44180
_d44180
856 _uhttp://koha.tu.koszalin.pl/cgi-bin/koha/opac-detail.pl?biblionumber=44180
_yKatalog online BPK